00643nam a2200205Ia 4500952014700000999001700147003000400164005001700168008004100185020001800226040000900244082002200253100001600275245003000291250001200321260003200333300000900365650001300374942005000387 00102ddc40708SSaMESbMEScMALd2019-02-20g150.00l4m5o894.812301 VKN/Pp31746r2020-11-18 00:00:00s2020-09-30w2019-02-20yBKzGR31R1 c29075d29075OSt20201230112841.0190216s9999||||xx |||||||||||||| ||und|| a9788171303007 coclc a894.812301bVKN/P aV K N96953 0aPayyan Kathakal /cV K N  a6th Ed. bDc Books,aKottayam:c2004. a432p aKathakal cBK2ddch894.812301iVKN/Pk894.812301mVKN/P